<?xml version="1.0" encoding="UTF-8"?><?xml-stylesheet type="text/xsl" href="static/style.xsl"?><OAI-PMH xmlns="http://www.openarchives.org/OAI/2.0/" xmlns:xsi="http://www.w3.org/2001/XMLSchema-instance" xsi:schemaLocation="http://www.openarchives.org/OAI/2.0/ http://www.openarchives.org/OAI/2.0/OAI-PMH.xsd"><responseDate>2026-04-13T03:11:18Z</responseDate><request verb="GetRecord" identifier="oai:www.recercat.cat:2117/335943" metadataPrefix="marc">https://recercat.cat/oai/request</request><GetRecord><record><header><identifier>oai:recercat.cat:2117/335943</identifier><datestamp>2026-01-22T06:23:10Z</datestamp><setSpec>com_2072_1033</setSpec><setSpec>col_2072_452950</setSpec></header><metadata><record xmlns="http://www.loc.gov/MARC21/slim" xmlns:dcterms="http://purl.org/dc/terms/" xmlns:xsi="http://www.w3.org/2001/XMLSchema-instance" xmlns:doc="http://www.lyncode.com/xoai" xsi:schemaLocation="http://www.loc.gov/MARC21/slim http://www.loc.gov/standards/marcxml/schema/MARC21slim.xsd">
   <leader>00925njm 22002777a 4500</leader>
   <datafield ind2=" " ind1=" " tag="042">
      <subfield code="a">dc</subfield>
   </datafield>
   <datafield ind2=" " ind1=" " tag="720">
      <subfield code="a">Bosch Meda, Jorge</subfield>
      <subfield code="e">author</subfield>
   </datafield>
   <datafield ind2=" " ind1=" " tag="260">
      <subfield code="c">2020-01-01</subfield>
   </datafield>
   <datafield ind2=" " ind1=" " tag="520">
      <subfield code="a">El principal objetivo de este artículo es analizar la dimensión económica de la exclusión&#xd;
residencial entre las mujeres en España durante el periodo 2008-2017. A pesar de que el derecho de la&#xd;
mujer a una vivienda digna y la necesidad de desarrollar políticas para su cumplimiento gozan de un&#xd;
amplio reconocimiento en la agenda internacional, existe un abismo entre este y la realidad. En&#xd;
España, el estallido de la burbuja inmobiliaria en 2008 y la posterior recesión económica provocaron&#xd;
una grave crisis residencial que ha afectado con mayor intensidad a las mujeres, sobre todo, a las que&#xd;
viven solas y las jefas de familia de hogares monomarentales. Esta feminización de la exclusión residencial&#xd;
en España puede constatarse en la relación entre ingresos del hogar y costes de la vivienda, así como&#xd;
en la incidencia de los desahucios y las ejecuciones hipotecarias entre hombres y mujeres.</subfield>
   </datafield>
   <datafield ind2=" " ind1=" " tag="520">
      <subfield code="a">The main aim of this article is to examine the economic dimension of residential exclusion&#xd;
among women in Spain during the 2008-2017 period. The women’s right to adequate housing and the&#xd;
need to develop policies in this regard are widely recognized on the international agenda. However,&#xd;
there is an abyss between recognition and reality. In Spain, the burst of the real estate bubble in 2008 and&#xd;
the subsequent economic recession caused a severe housing crisis that affected women more than&#xd;
men, particularly single-mother households and female single-person households. The feminization of&#xd;
housing exclusion in Spain can be seen in the share of total housing costs in the total disposable&#xd;
household income, as well as in the incidence of evictions and foreclosures between men and women.</subfield>
   </datafield>
   <datafield ind2=" " ind1=" " tag="520">
      <subfield code="a">O principal objetivo deste artigo é analisar a dimensão econômica da exclusão habitacional&#xd;
entre as mulheres na Espanha durante o período 2008-2017. O direito das mulheres à moradia adequada&#xd;
e a necessidade de desenvolver políticas para seu cumprimento gozam de amplo reconhecimento na&#xd;
agenda internacional. No entanto, há uma diferença entre este reconhecimento e a realidade. Na&#xd;
Espanha, o estouro da bolha imobiliária em 2008 e a subsequente recessão económica causaram uma&#xd;
grave crise habitacional que afetou as mulheres mais profundamente, especialmente às famílias&#xd;
monomarentais e as mulheres que vivem sozinhas. Esta feminização da exclusão habitacional na&#xd;
Espanha pode constatar-se ao comparar-se a relação entre os custos de habitação e a renda familiar,&#xd;
e na incidência de despejos e execuções hipotecárias entre homens e mulheres.</subfield>
   </datafield>
   <datafield ind2=" " ind1=" " tag="520">
      <subfield code="a">Objectius de Desenvolupament Sostenible::5 - Igualtat de Gènere</subfield>
   </datafield>
   <datafield ind2=" " ind1=" " tag="520">
      <subfield code="a">Postprint (published version)</subfield>
   </datafield>
   <datafield tag="653" ind2=" " ind1=" ">
      <subfield code="a">Àrees temàtiques de la UPC::Arquitectura::Aspectes socials</subfield>
   </datafield>
   <datafield tag="653" ind2=" " ind1=" ">
      <subfield code="a">Àrees temàtiques de la UPC::Arquitectura::Tipologies d'edificis::Habitatges</subfield>
   </datafield>
   <datafield tag="653" ind2=" " ind1=" ">
      <subfield code="a">Right to housing -- Spain</subfield>
   </datafield>
   <datafield tag="653" ind2=" " ind1=" ">
      <subfield code="a">Women -- Housing -- Spain</subfield>
   </datafield>
   <datafield tag="653" ind2=" " ind1=" ">
      <subfield code="a">Eviction -- Spain</subfield>
   </datafield>
   <datafield tag="653" ind2=" " ind1=" ">
      <subfield code="a">Marginality, Social -- Spain</subfield>
   </datafield>
   <datafield tag="653" ind2=" " ind1=" ">
      <subfield code="a">Derecho a la vivienda</subfield>
   </datafield>
   <datafield tag="653" ind2=" " ind1=" ">
      <subfield code="a">Política de vivienda</subfield>
   </datafield>
   <datafield tag="653" ind2=" " ind1=" ">
      <subfield code="a">Perspectiva de género</subfield>
   </datafield>
   <datafield tag="653" ind2=" " ind1=" ">
      <subfield code="a">Exclusión&#xd;
residencial</subfield>
   </datafield>
   <datafield tag="653" ind2=" " ind1=" ">
      <subfield code="a">Desahucios</subfield>
   </datafield>
   <datafield tag="653" ind2=" " ind1=" ">
      <subfield code="a">Dret a l'habitatge -- Espanya</subfield>
   </datafield>
   <datafield tag="653" ind2=" " ind1=" ">
      <subfield code="a">Dones -- Habitatges -- Espanya</subfield>
   </datafield>
   <datafield tag="653" ind2=" " ind1=" ">
      <subfield code="a">Desnonament -- Espanya</subfield>
   </datafield>
   <datafield tag="653" ind2=" " ind1=" ">
      <subfield code="a">Marginació social -- Espanya</subfield>
   </datafield>
   <datafield ind2="0" ind1="0" tag="245">
      <subfield code="a">El derecho de la mujer a la vivienda en España (2008-2017)</subfield>
   </datafield>
   <datafield ind2="0" ind1="0" tag="245">
      <subfield code="a">Women's right to housing in Spain (2008-2017)</subfield>
   </datafield>
   <datafield ind2="0" ind1="0" tag="245">
      <subfield code="a">O direito das mulheres à habitação em Espanha (2008-2017)</subfield>
   </datafield>
</record></metadata></record></GetRecord></OAI-PMH>